| 000 | 01116njm a2200277 i 4500 | ||
|---|---|---|---|
| 001 | 4767 | ||
| 003 | ES-MaACL | ||
| 005 | 20240604180119.0 | ||
| 007 | s|r||||||||||| | ||
| 008 | 070813s1976 sp ||| g ||||||||1|nspa d | ||
| 100 | 1 |
_aUrquijo y Landecho, Alfonso de. _9112212 |
|
| 245 | 1 | 0 |
_aSeducción del continente negro [ _hGrabación sonora] / _cinterviene Alfonso de Urquijo y Landecho. |
| 260 |
_aMadrid : _bAteneo de Madrid, _c1976. |
||
| 300 |
_a1 disco (CD-DA) (1 h. 18 min. 56 seg.) ; _c12 cm. |
||
| 490 | 1 | _aCiclo de conferencias-coloquio sobre la caza | |
| 500 | _aDatos basados en la invitación. | ||
| 518 | _aActo organizado por el Ateneo de Madrid, grabado en el salón de actos el viernes 20 de febrero de 1976, a las 20:00 h. | ||
| 610 | 2 | 4 |
_aAteneo de Madrid- _xActos culturales- _y1976- _vGrabaciones sonoras. _91886 |
| 650 | 4 |
_aCaza. _910857 |
|
| 651 | 4 |
_aÁfrica- _xCivilización. _97592 |
|
| 710 | 2 |
_aAteneo de Madrid. _91875 |
|
| 830 | 0 |
_aCiclo de conferencias-coloquio sobre la caza _9177163 |
|
| 852 |
_aES-MaACL _cROT _jROT 3/5/34 _94884 |
||
| 942 |
_2udc _cCDROM |
||
| 999 |
_c4767 _d4767 |
||